Christmas Movies A-Z - Statistics

General Stats
  • This quiz has been taken 108 times
  • The average score is 10 of 24
Answer Stats
Letter Clue Answer % Correct
G He's a mean one. The Grinch
90%
H Psychopath child and third-act booby traps. Home Alone
87%
E "I love syrup!" Elf
83%
W I'm dreaming of a... White Christmas
81%
R ...had a very shiny nose! And if you ever saw it, you would even say it glows! Rudolph the Red-Nosed Reindeer
79%
C What says Christmas like a ghost story? A Christmas Carol
71%
N A ballet about living toys and evil rats. You know. The normal. The Nutcracker
71%
D ...with bows of holly. Fa la-la-la-la la la la la! Deck the Halls
68%
S A Tim Allen Christmas classic. The Santa Clause
64%
J Arnold Schwarzenegger as father of the year. Jingle All the Way
61%
A A British/American animated movie about Santa's son striving to deliver a missed present. Arthur Christmas
57%
I Every time a bell rings, an angel gets their wings. It's a Wonderful Life
55%
M You know what says 'Christmas'? A legal case! Miracle on 34th Street
35%
K This movie features 2D animation with computer-programed lighting effects. It also takes an interesting postal service approach to Santa's origin. Klaus
31%
V Santa finds himself in an action film. Violent Night
25%
Y Is there a Santa Claus? This question was posed to a New York newspaper by a little girl, and the editorial reply spawned this movie. Yes, Virginia, There is a Santa Claus
17%
P A series of made-for-television movies about special agent elves who get houses ready for ol' Saint Nick. Prep and Landing
12%
F "Us evil magicians have to make a living, too, you know." Frosty the Snowman
11%
U Four kids laid over at an airport stickin' it to the grumpy ol' adults. Unaccompanied Minors
11%
B A movie directed by LeVar Burton about a girl who meets and befriends one of Santa's new born reindeer. Blizzard
7%
O What says Christmas like the U.S. Air Force? Operation Christmas Drop
6%
T An early Hallmark Christmas movie featuring Peter Falk. A Town Without Christmas
4%
L A direct to video remake of 'F' featuring the voices of SpongeBob Squarepants and Patrick Star. The Legend of Frosty the Snowman
4%
Z This the only one I could find. An 80's cartoon movie based a comic series (not Peanuts). Ziggy's Gift
2%
No matching quizzes found
Score Distribution
Percent of People with Each Score
Percentile by Number Answered
Your Score History
You have not taken this quiz